000 01952nam a22001577a 4500
041 _aukr
080 _a09
090 _bПЕР
100 _aПерик О.Я.
245 _aЛексико-семантичне поле "Спорт" в англійській мові
260 _aОстрог
_bКАФ
_c2009
300 _a69
520 _aВСТУП РОЗДІЛ 1 ЗАГАЛЬНІ ПОНЯТТЯ СЕМАНТИКИ ТА ФРАЗЕОЛОГІЇ 1.1 Семантика як наука та її суть. 1.1.1 Розвиток семантики та словникове визначення. 1.1.2 Типи семантичних відношень. 1.2 Поняття семантичного поля. 1.2.1 Семантичне групування лексики. 1.2.2 Семантичні поля та їх структура. 1.3 Характеристика ФО. 1.3.1 Класифікація фразеологізмів та їх положення. 1.3.2 Семантика фразеологізмів та особливості їх перекладу. РОЗДІЛ 2 ХАРАКТЕРИСТИКА АНГЛІЙСЬКОЇ СПОРТИВНОЇ ЛЕКСИКИ 2.1 Характеристика спортивних мовних одиниць. 2.1.1 Мовні одиниці на позначення боксу. 2.1.2 Мовні одиниці на позначення тенісу. 2.2 Загальна характеристика ФО зі сфери спорту. 2.2.1 ФО зі сфери американського футболу. 2.2.2 ФО зі сфери бейсболу. 2.2.3 ФО зі сфери легкої атлетики. 2.3 Інші спортивні фразеологізми. 2.3.1 ФО з компонентом ball. 2.3.2 ФО з компонентом field. ВИСНОВКИ
_0семантика,фразеології,спортивна лексика
650 _aResearch Papers
999 _c284193
_d284193
942 _cBK